000 06157cam a22018134i 4500
003 PE-LiUPU
005 20250813165911.0
008 150706s2012 sp a rb 000 0 spa d
020 _a9788445821848
035 _a(Sirsi) i9788445821848
040 _aPE-LiUPU
_bspa
_cPE-LiUPU
_erda
049 _aPRUA
082 0 4 _a618.97
_bA12
_221
100 1 _aAbizanda Soler, Pedro,
_eautor.
245 1 0 _aMedicina geriátrica :
_buna aproximación basada en problemas /
_cPedro Abizanda Soler [coordinador] ; Luis Romero Rizos, Carmen Luengo Márquez, Pedro Manuel Sánchez Jurado, Joaquín Jordán Bueso [editores].
264 1 _aBarcelona :
_bElsevier,
_c2012.
300 _a406 páginas :
_bilustraciones ;
_c28 centímetros
336 _atext
_2rdacontent
337 _aunmediated
_2rdamedia
338 _avolume
_2rdacarrier
504 _aIncluye bibliografía.
505 0 _aDemografía y epidemiología del envejecimiento. Longevidad. Centenarios -- Biología del envejecimiento y sus determinantes genéticos -- Cambios anatómicos en el envejecimiento -- Cambios fisiológicos en los sistemas corporales durante el envejecimiento -- Anamnesis, exploración física y pruebas complementarias en el anciano -- Valoración geriátrica -- Modificaciones farmacocinéticas en el anciano -- -Modificaciones farmacocinéticas en el anciano -- Estrategias de promoción y prevención de la salud en el anciano -- Atención perioperatoria al anciano -- Envejecimiento activo: ejercicio y rehabilitación en el anciano -- Organización asistencial en la atención sanitaria del anciano -- Atención sanitaria al anciano en medio residencial -- El equipo interdisciplinario -- Decisiones difíciles en la atención sanitaria al anciano. Bioética. Malos tratos -- Cuidados paliativos en la vejez. Manejo del dolor -- Calidad de vida -- Síndromes geriátricos -- Fragilidad y sarcopenia -- Trastornos del equilibrio y de la marcha: caídas -- Síncope -- -Atención al paciente inmovilizado -- Trastornos de la eliminación: continencias -- Alteraciones cognitivas en el anciano. Parte I -- Alteraciones cognitivas en el anciano. Parte II -- Síntomas psicológicos y conductuales -- Delirium en el anciano -- Trastornos afectivos y del sueño en el anciano -- Nutrición y envejecimiento -- Peculiaridades de las enfermedades más prevalentes en el anciano -- El proceso de enfermar en el anciano. Deterioro funcional y comorbilidad -- Insuficiencia cardíaca -- Parkinsonismos en el anciano -- Infecciones en el anciano -- Particularidades del cáncer en el anciano -- Artrosis y osteoporosis en el anciano -- Fracturas de cadera y vertebrales en el anciano -- Diabetes. Un modelo de envejecimiento acelerado -- Atención integral al anciano con ictus -- Anemia en el anciano -- Medicina geriátrica basada en problemas -- Introducción a la enseñanza de la medicina basada en problemas y evaluación de la competencia clínica.
526 _aP203
526 _aP200
526 _aSEG65
526 _aSEG64
526 _aSEG63
526 _aSEG62
526 _aSEG61
526 _aSEG60
526 _aSEG59
526 _aSEG58
526 _aSEG57
526 _aSEG56
526 _aSEG55
526 _aSEG54
526 _aSEG53
526 _aSEG52
526 _aSEG51
526 _aSEG50
526 _aSEG49
526 _aSEG48
526 _aSEG47
526 _aSEG46
526 _aSEG24
526 _aSEG23
526 _aSEG22
526 _aSEG21
526 _aSEG20
526 _aSEG19
526 _aSEG18
526 _aSEG17
526 _aSEG16
526 _aSEG14
526 _aSEG13
526 _aSEG12
526 _aSEG11
526 _aSEG10
526 _aSEG09
526 _aSEG06
526 _aSEG05
526 _aSEG04
526 _aSEG03
526 _aSEG02
526 _aSEG68
526 _aSEG66
526 _aSEG45
526 _aSEG25
526 _aSEG01
526 _aP163
526 _aP162
526 _aP161
526 _aP160
526 _aP159
526 _aP158
526 _aP157
526 _aP156
526 _aP155
526 _aP154
526 _aP153
526 _aP152
526 _aP151
526 _aP150
526 _aP149
526 _aP142
526 _aP141
526 _aP140
526 _aP139
526 _aP138
526 _aP137
526 _aP132
526 _aP131
526 _aP130
526 _aP126
526 _aP125
526 _aP124
526 _aP123
526 _aP115
526 _aP122
526 _aP121
526 _aP116
526 _a P114
526 _aP112
526 _aP111
526 _aP104
526 _aP103
526 _aP102
526 _aP101
526 _aP100
526 _aP96
526 _aP95
526 _aP93
526 _aP92
526 _aP91
526 _aP88
526 _aP83
526 _aP82
526 _aP79
526 _aP78
526 _aP75
526 _aP74
526 _aP71
526 _aP69
526 _a P51
526 _aP49
526 _aP48
526 _aP47
526 _aP33
526 _aP31
526 _a P30
526 _aP29
526 _aP27
526 _aP26
526 _aP25
526 _aP24
526 _a P22
526 _aP10
526 _aP09
526 _a P08
526 _aP06
526 _aP05
526 _aP04
526 _aP01
541 _g001-000064;
650 0 4 _aGerontología
700 1 _aRomero Rizos, Luis,
_eautor.
700 1 _aLuengo Márquez, Carmen,
_eautor.
910 _agl
_bjv
_clch
_d20130226
942 _2ddc
_cBOOK
949 _a618.97 A12
_wDEWEY
_c1
_i66223
_lCCODEBUL1
_mBUL
_p66.00
_r0
_sY
_tBOOK
_u2015-7-6
_xSALUD
_PP22
_o.STAFF. Colección General
994 _aC0
_bPEPRU
596 _a1
999 _a618.97 A12
_wDEWEY
_c54498
_i66223
_d54498
_e2016-10-30
_f2021-11-4
_g5
_lCCODEBUL1
_mBUL
_n9
_p66.00
_q1
_r0
_sY
_tBOOK
_u2015-7-6
_xSALUD
_PP22
_0COMPRA
_o.STAFF. Colección Ciencias de la Salud
980 _81
_gALBERTO SANCHEZ Responsable de Automatización